[Event "AUTO-MASTER-644"]
[Site "http://www.queenalice.com/game.php?id=481604"]
[Date "2008.10.23"]
[Round "1"]
[White "PudVein"]
[Black "SirKnight"]
[Result "0-1"]
[WhiteElo "2036"]
[BlackElo "2108"]

1. e4 e5 2. Nf3 Nc6 3. Bc4 Nf6 4. Ng5 Bc5 5. Bxf7+ Ke7 6. Bb3 Rf8 7. O-O h6 8.
Nf3 d6 9. d3 Bg4 10. c3 Nh5 11. Nbd2 Nf4 12. Bc2 Qe8 13. b4 Bb6 14. a4 a6 15.
Bb2 Qg6 16. Nh4 Qg5 17. Ndf3 Bxf3 18. Nf5+ Rxf5 19. Qxf3 Rf6 20. Bc1 Raf8 21.
Be3 Bxe3 22. fxe3 Ng6 23. Qe2 Rxf1+ 24. Rxf1 Rxf1+ 25. Kxf1 Nf8 26. Bd1 Nd7 27.
Qg4 Qxg4 28. Bxg4 b6 29. Kf2 Nf6 30. Bc8 a5 31. b5 Nd8 32. Bh3 Ne6 33. Bxe6 Kxe6
34. h3 d5 35. Kf3 dxe4+ 36. dxe4 Kd6 37. g4 g5 0-1

[Event "AUTO-MASTER-644"]
[Site "http://www.queenalice.com/game.php?id=481605"]
[Date "2008.10.23"]
[Round "1"]
[White "SirKnight"]
[Black "PudVein"]
[Result "0-1"]
[WhiteElo "2104"]
[BlackElo "2016"]

1. e4 c5 2. Nf3 g6 3. d4 cxd4 4. Nxd4 Nc6 5. Nc3 Bg7 6. Be3 Nf6 7. Bc4 O-O 8.
Bb3 d6 9. f3 a5 10. Qd2 Nxd4 11. Bxd4 Bd7 12. O-O b5 13. a3 Qc7 14. Nd5 Nxd5 15.
Bxg7 Kxg7 16. Bxd5 Rac8 17. Rac1 e6 18. Bb3 a4 19. Ba2 Qc5+ 20. Kh1 Rfd8 21.
Rfd1 Bc6 22. c4 bxc4 23. Rxc4 Qb5 24. Rdc1 Qb7 25. Qc3+ Kg8 26. Rxc6 Rxc6 27.
Qxc6 Qxb2 28. Qc2 Qd4 29. h3 h5 30. Rd1 Qa7 31. Qc3 Qf2 32. Qd2 Qc5 33. Qg5 Qxg5
0-1

[Event "AUTO-MASTER-644"]
[Site "http://www.queenalice.com/game.php?id=481606"]
[Date "2008.10.23"]
[Round "1"]
[White "PudVein"]
[Black "Eduarte"]
[Result "0-1"]
[WhiteElo "2016"]
[BlackElo "1859"]

1. e4 c5 2. c4 e5 3. Nc3 Nf6 4. d3 Be7 5. Nge2 d6 6. g3 a6 7. Bg2 Nc6 8. O-O O-O
9. f4 Bg4 10. Be3 Nd4 11. Bxd4 cxd4 12. Nd5 Nxd5 13. cxd5 Rc8 14. Qd2 Qd7 15.
Bf3 f5 16. Bxg4 fxg4 17. Rac1 h6 18. f5 Bg5 19. Qd1 Bxc1 20. Nxc1 Rc7 21. Qxg4
Qe7 22. Nb3 Qg5 23. Qe2 Rfc8 24. Qf3 Rc2 25. h4 Qf6 26. Qh5 Rxb2 27. Ra1 Rcc2
0-1

[Event "AUTO-MASTER-644"]
[Site "http://www.queenalice.com/game.php?id=481607"]
[Date "2008.10.23"]
[Round "1"]
[White "Eduarte"]
[Black "PudVein"]
[Result "0-1"]
[WhiteElo "1869"]
[BlackElo "2026"]

1. d4 d5 2. c4 c6 3. Nf3 g6 4. e3 Bg7 5. Nc3 Nf6 6. Be2 O-O 7. O-O dxc4 8. Bxc4
b5 9. Bd3 Bg4 10. h3 Be6 11. Ne2 Bd5 12. Nf4 Nbd7 13. Bd2 a6 14. Re1 Bxf3 15.
Qxf3 c5 16. Rac1 cxd4 17. exd4 Nb6 18. Kh1 Qxd4 19. Be3 Qd6 20. Rc6 Qb4 21. Bxb6
Qxe1+ 0-1

[Event "AUTO-MASTER-644"]
[Site "http://www.queenalice.com/game.php?id=481608"]
[Date "2008.10.23"]
[Round "1"]
[White "PudVein"]
[Black "MalucoO"]
[Result "0-1"]
[WhiteElo "2032"]
[BlackElo "2184"]

1. e4 c5 2. c4 Nc6 3. Nc3 g6 4. d3 Bg7 5. Nge2 d6 6. g3 e6 7. Bg2 Nge7 8. O-O
O-O 9. Bg5 h6 10. Be3 e5 11. Qd2 Kh7 12. f4 f5 13. fxe5 Nxe5 14. Nf4 Ng4 15.
Nfd5 Nxe3 16. Qxe3 Bd4 0-1

[Event "AUTO-MASTER-644"]
[Site "http://www.queenalice.com/game.php?id=481609"]
[Date "2008.10.23"]
[Round "1"]
[White "MalucoO"]
[Black "PudVein"]
[Result "1-0"]
[WhiteElo "2192"]
[BlackElo "2031"]

1. e4 c5 2. Nf3 g6 3. c3 Bg7 4. d4 cxd4 5. cxd4 d5 6. e5 Bg4 7. Nc3 e6 8. h3
Bxf3 9. Qxf3 Ne7 10. g4 Nbc6 11. Bb5 O-O 12. Qd3 a6 13. Ba4 b5 14. Bd1 Qb6 15.
Be3 Rac8 16. f4 Nb4 17. Qd2 Rc7 18. h4 Rfc8 19. h5 a5 20. hxg6 hxg6 21. Be2 Nxa2
22. Rxa2 b4 23. Na4 Qc6 24. Nc5 Qb6 25. Kf2 1-0

[Event "AUTO-MASTER-648"]
[Site "http://www.queenalice.com/game.php?id=484766"]
[Date "2008.10.29"]
[Round "1"]
[White "Rutty"]
[Black "PudVein"]
[Result "1-0"]
[WhiteElo "1956"]
[BlackElo "2009"]

1. e4 c5 2. Nf3 g6 3. d4 cxd4 4. Qxd4 Nf6 5. e5 Nc6 6. Qd1 Ng4 7. Bf4 Bg7 8. Nc3
Ngxe5 9. Nxe5 Nxe5 10. Bxe5 Bxe5 11. Qd2 O-O 12. O-O-O Qa5 13. Kb1 Bxc3 14. Qxc3
Qxc3 15. bxc3 d6 16. Bd3 Be6 17. f4 Rac8 18. Kb2 Rc7 19. Rhf1 Rfc8 20. Rf2 Rxc3
21. h3 R3c5 22. g4 Bc4 23. Be4 Ra5 24. a3 Rac5 25. f5 d5 26. Bd3 b5 27. fxg6
hxg6 28. h4 Bxd3 29. Rxd3 f6 30. h5 gxh5 31. gxh5 Kh7 32. Rg2 Rg8 33. Re2 e5 34.
Rf3 Rc6 35. Ref2 Rf8 36. Rf5 Re6 37. Kc3 a6 38. Kb4 d4 39. Kc5 Kh6 40. Rg2 Rf7
41. Rg6+ Kh7 42. Kd5 Rb6 43. Rxe5 fxe5 44. Rxb6 Rf2 45. Kxe5 Rxc2 46. Rxa6 d3
47. Rd6 d2 48. Ke4 Ra2 49. Rd3 Kh6 50. Ke3 Kxh5 51. Rxd2 Rxa3+ 52. Kd4 b4 53.
Kc4 1-0

[Event "AUTO-MASTER-648"]
[Site "http://www.queenalice.com/game.php?id=484767"]
[Date "2008.10.29"]
[Round "1"]
[White "PudVein"]
[Black "Rutty"]
[Result "0-1"]
[WhiteElo "1991"]
[BlackElo "1974"]

1. e4 e5 2. Nf3 Nc6 3. Bc4 Bc5 4. c3 Nf6 5. d4 exd4 6. cxd4 Bb4+ 7. Bd2 Bxd2+ 8.
Nbxd2 O-O 9. O-O d6 10. Qb3 h6 11. h3 a6 12. Rac1 Na5 13. Qb4 Nxc4 14. Qxc4 c6
15. e5 Nd5 16. Ne4 Nb6 17. Qb4 dxe5 18. Nxe5 Nd5 19. Qd2 Bf5 20. Nc5 Qc7 21.
Rfd1 f6 22. Nf3 b6 23. Nb3 Kh7 24. Nh4 Be6 25. Qc2+ f5 26. Qxc6 Qd7 27. Qc2 Rac8
28. Qd3 a5 29. Qg3 g5 30. Nf3 f4 31. Qh2 a4 32. Nbd2 Qb5 33. b3 axb3 34. Nxb3
Nc3 35. h4 Ne2+ 36. Kh1 Nxc1 37. hxg5 Bf5 38. Qxh6+ Kg8 39. g6 Qd7 40. Ne5 Qg7
41. Qxg7+ Kxg7 42. Nxc1 Rh8+ 43. Kg1 Bxg6 44. Nb3 Bc2 45. Rc1 Bxb3 46. Rxc8 Rxc8
47. axb3 Rc1+ 48. Kh2 Rb1 49. Kh3 Rxb3+ 50. Kg4 Rb2 51. Kf3 b5 52. Kxf4 Rxf2+
53. Kg3 Rd2 0-1

[Event "AUTO-MASTER-648"]
[Site "http://www.queenalice.com/game.php?id=484780"]
[Date "2008.10.29"]
[Round "1"]
[White "PudVein"]
[Black "LuizFernandes"]
[Result "1-0"]
[WhiteElo "1994"]
[BlackElo "1957"]

1. e4 d6 2. d4 Nf6 3. Nd2 Bd7 4. Ngf3 g6 5. Bc4 Bg7 6. O-O b5 7. Bb3 a5 8. a3
O-O 9. Re1 c5 10. c3 c4 11. Bc2 Nc6 12. h3 e5 13. d5 Ne7 14. b3 cxb3 15. Nxb3 a4
16. Nbd2 Ne8 17. Nf1 f5 18. Bg5 Bf6 19. Bh6 Bg7 20. Bxg7 Kxg7 21. exf5 Bxf5 22.
Ng3 Bxc2 23. Qxc2 Nxd5 24. Rad1 Nf4 25. Nxe5 Nxh3+ 26. gxh3 Qh4 27. Nd7 Rf3 28.
Kh2 Nf6 29. Re7+ Kh6 30. Qd2+ g5 31. Nxf6 Rxf6 32. Qd3 Rxf2+ 33. Kg1 1-0

[Event "AUTO-MASTER-648"]
[Site "http://www.queenalice.com/game.php?id=484781"]
[Date "2008.10.29"]
[Round "1"]
[White "LuizFernandes"]
[Black "PudVein"]
[Result "1-0"]
[WhiteElo "1894"]
[BlackElo "1951"]

1. Nc3 g6 2. d4 Bg7 3. e4 d6 4. Be3 Nf6 5. Bd3 O-O 6. Nge2 Nbd7 7. O-O c5 8. f3
cxd4 9. Bxd4 Nc5 10. Bxc5 dxc5 11. Bc4 b6 12. Qxd8 Rxd8 13. Rad1 Bb7 14. Rxd8+
Rxd8 15. Rd1 Rxd1+ 16. Nxd1 Nd7 17. c3 Ne5 18. Bb3 Ba6 19. Nf4 e6 20. Kf2 Nd3+
21. Nxd3 Bxd3 22. Ke3 c4 23. Ba4 a6 24. Bc6 Bf8 25. g3 Bc5+ 26. Kd2 a5 27. Ne3
Bxe3+ 28. Kxe3 Kg7 29. a3 e5 30. Bb5 f5 31. exf5 gxf5 32. b3 e4 33. fxe4 1-0

[Event "AUTO-MASTER-648"]
[Site "http://www.queenalice.com/game.php?id=484782"]
[Date "2008.10.29"]
[Round "1"]
[White "PudVein"]
[Black "Miguelname"]
[Result "0-1"]
[WhiteElo "2022"]
[BlackElo "2261"]

1. e4 c5 2. c4 Nc6 3. Nf3 g6 4. d4 cxd4 5. Nxd4 Bg7 6. Be3 Nf6 7. Nc3 O-O 8. Be2
d6 9. h3 Bd7 10. O-O Nxd4 11. Bxd4 Bc6 12. f3 a5 13. Nd5 Nd7 14. Bxg7 Kxg7 15.
Qd4+ e5 16. Qd2 Bxd5 17. exd5 Nc5 18. b4 axb4 19. Qxb4 f5 20. Bd1 Qg5 21. Qc3
Qg3 22. Bc2 Kg8 23. Qe3 e4 24. Qf2 Qxf2+ 25. Kxf2 Ra3 26. f4 Rfa8 27. Kg1 Kg7
28. Rfb1 Rxa2 0-1

[Event "AUTO-MASTER-648"]
[Site "http://www.queenalice.com/game.php?id=484783"]
[Date "2008.10.29"]
[Round "1"]
[White "Miguelname"]
[Black "PudVein"]
[Result "1-0"]
[WhiteElo "2255"]
[BlackElo "2023"]

1. e4 c5 2. Nf3 g6 3. d4 cxd4 4. Nxd4 Nc6 5. c4 Bg7 6. Be3 Nf6 7. Nc3 O-O 8. Be2
d6 9. O-O Ng4 10. Bxg4 Bxg4 11. Nxc6 bxc6 12. Qxg4 1-0

[Event "AUTO-MASTER-655"]
[Site "http://www.queenalice.com/game.php?id=489270"]
[Date "2008.11.7"]
[Round "1"]
[White "PudVein"]
[Black "mowliid12"]
[Result "0-1"]
[WhiteElo "1933"]
[BlackElo "2067"]

1. e4 e5 2. Nf3 Nc6 3. Bc4 Be7 4. d4 exd4 5. Nxd4 Bf6 6. c3 Nge7 7. O-O Ng6 8.
Re1 Nge5 9. Bb3 O-O 10. Bf4 d6 11. Nd2 Qe7 12. Nf5 Bxf5 13. exf5 Qd7 14. Bc2
Rae8 15. Nf3 a6 0-1

[Event "AUTO-MASTER-655"]
[Site "http://www.queenalice.com/game.php?id=489271"]
[Date "2008.11.7"]
[Round "1"]
[White "mowliid12"]
[Black "PudVein"]
[Result "1-0"]
[WhiteElo "2078"]
[BlackElo "1922"]

1. e4 e5 2. d4 exd4 3. Qxd4 Nc6 4. Qd1 Nf6 5. Bd3 Bc5 6. Nf3 O-O 7. O-O d6 8. h3
Be6 9. c4 Nb4 10. Nc3 Nxd3 11. Qxd3 a6 12. Bg5 h6 13. Bh4 g5 14. Nxg5 hxg5 15.
Bxg5 1-0

[Event "AUTO-MASTER-655"]
[Site "http://www.queenalice.com/game.php?id=489272"]
[Date "2008.11.7"]
[Round "1"]
[White "PudVein"]
[Black "Plis"]
[Result "0-1"]
[WhiteElo "2029"]
[BlackElo "2265"]

1. e4 e5 2. Nf3 Nc6 3. Bc4 Nf6 4. Ng5 d5 5. exd5 Na5 6. Bb5+ c6 7. dxc6 bxc6 8.
Be2 h6 9. Nf3 e4 10. Ng1 Bc5 11. d3 O-O 12. Bf4 Qb6 13. f3 Bxg1 0-1

[Event "AUTO-MASTER-655"]
[Site "http://www.queenalice.com/game.php?id=489273"]
[Date "2008.11.7"]
[Round "1"]
[White "Plis"]
[Black "PudVein"]
[Result "1-0"]
[WhiteElo "2260"]
[BlackElo "2036"]

1. e4 c5 2. Nf3 g6 3. d4 cxd4 4. Nxd4 Nc6 5. c4 Nf6 6. Nc3 Nxd4 7. Qxd4 Bg7 8.
e5 Ng8 9. Bf4 d6 10. O-O-O Bf5 11. c5 dxe5 12. Bb5+ 1-0

[Event "AUTO-MASTER-655"]
[Site "http://www.queenalice.com/game.php?id=489274"]
[Date "2008.11.7"]
[Round "1"]
[White "PudVein"]
[Black "wedelsomarques"]
[Result "0-1"]
[WhiteElo "1962"]
[BlackElo "2095"]

1. e4 c5 2. c4 d6 3. Nf3 g6 4. d4 b6 5. d5 Bg7 6. Nc3 Nf6 7. Be2 O-O 8. O-O Ng4
9. h3 Ne5 10. Bg5 f5 11. exf5 Bxf5 12. Qd2 Nxf3+ 13. Bxf3 Na6 14. a3 Nc7 15. Bh6
Bxh3 16. gxh3 Rxf3 17. Bxg7 Kxg7 18. Kg2 Qf8 19. Qg5 h6 20. Qg4 Rf5 21. Qe4 Rf4
22. Qd3 Qf6 23. Rae1 Rf8 24. Qe3 Rf7 25. b3 Rf3 26. Ne4 Rxe3 27. Nxf6 Rxe1 28.
Rxe1 Kxf6 0-1

[Event "AUTO-MASTER-655"]
[Site "http://www.queenalice.com/game.php?id=489275"]
[Date "2008.11.7"]
[Round "1"]
[White "wedelsomarques"]
[Black "PudVein"]
[Result "1-0"]
[WhiteElo "2083"]
[BlackElo "1974"]

1. e4 c5 2. Nf3 g6 3. d4 cxd4 4. Nxd4 Nc6 5. c4 Nf6 6. Nc3 Nxd4 7. Qxd4 Bg7 8.
Be3 O-O 9. Be2 Ng4 10. Qd3 Nxe3 11. Qxe3 d6 12. O-O Bd7 13. Rfd1 Qa5 14. Rd5 Qc7
15. Nb5 Bxb5 16. Rxb5 a6 17. Rb3 Rab8 18. h4 f5 19. exf5 Rxf5 20. Qe6+ Kh8 21.
Rd1 Re5 22. Qg4 Rc8 23. Rh3 Rf8 24. h5 g5 25. h6 Bf6 26. b3 Qa5 27. a4 1-0